[Event "TCh-FRA Top 12 w GpB"]
[Site "Paris FRA"]
[Date "2025.05.09"]
[Round "2.4"]
[White "Hamdouchi, Adina-Maria"]
[Black "Nicoara, Malina"]
[Result "1-0"]
[WhiteTitle "WGM"]
[BlackTitle "WIM"]
[WhiteElo "2164"]
[BlackElo "2042"]
[WhiteTeam "Barreau de Paris Echecs"]
[BlackTeam "Asnieres - Le Grand Echiquier"]
[WhiteFideId "1206435"]
[BlackFideId "604631"]
[EventDate "2025.05.08"]

1. Nf3 Nf6 2. g3 g6 3. b3 Bg7 4. Bb2 d6 5. d4 O-O 6. Bg2 Nbd7 7. O-O c6 8. c4
Qc7 9. Nc3 e5 10. e4 Re8 11. Re1 a5 12. h3 h6 13. Qd2 Nh7 14. Rad1 exd4 15. Nxd4
Nc5 16. Kh2 Bd7 17. f4 Rad8 18. Qc2 Bc8 19. a3 Qb6 20. Nce2 Nf8 21. Bc3 Qc7 22.
b4 axb4 23. axb4 Nce6 24. Nf3 Bxc3 25. Nxc3 Ng7 26. Nd4 Qb6 27. Qb2 Nfe6 28.
Nde2 Nf8 29. Nd4 Nfe6 30. Nf3 Nf8 31. e5 dxe5 32. c5 Qc7 33. Ne4 Rxd1 34. Nf6+
Kh8 35. Nxe8 Qd8 36. Rxd1 Qxd1 37. Qxe5 Ne6 38. Nd6 Bd7 39. Nxf7+ 1-0

[Event "TCh-FRA Top 12 w GpB"]
[Site "Paris FRA"]
[Date "2025.05.10"]
[Round "4.1"]
[White "Daulyte-Cornette, Deimante"]
[Black "Ushenina, Anna"]
[Result "1-0"]
[WhiteTitle "IM"]
[BlackTitle "GM"]
[WhiteElo "2396"]
[BlackElo "2426"]
[WhiteTeam "C'Chartres Echecs"]
[BlackTeam "Barreau de Paris Echecs"]
[WhiteFideId "12802859"]
[BlackFideId "14110911"]
[EventDate "2025.05.08"]

1. e4 c5 2. Nf3 Nc6 3. Bb5 e6 4. Nc3 Nd4 5. O-O a6 6. Bd3 Nc6 7. Nd5 g6 8. c3
Bg7 9. Re1 d6 10. Ne3 b5 11. a4 Rb8 12. Bf1 Qb6 13. Nc2 b4 14. d4 bxc3 15. bxc3
cxd4 16. cxd4 Nge7 17. Ba3 Qc7 18. Rc1 Qd7 19. Ne3 O-O 20. Nc4 d5 21. exd5 Qxd5
22. Bd6 Rb7 23. Bc5 Bh6 24. Ne3 Bxe3 25. fxe3 Rd7 26. e4 Qh5 27. Qd2 Bb7 28. Qf4
Rfd8 29. Ng5 Nc8 30. d5 e5 31. Qf6 Nd4 32. Qxe5 Nb3 33. Ba3 h6 34. Bb2 f6 35.
Qe6+ 1-0

[Event "TCh-FRA Top 12 w GpB"]
[Site "Paris FRA"]
[Date "2025.05.10"]
[Round "4.2"]
[White "Maisuradze, Nino"]
[Black "Osmak, Yuliia"]
[Result "0-1"]
[WhiteTitle "WGM"]
[BlackTitle "IM"]
[WhiteElo "2154"]
[BlackElo "2471"]
[WhiteTeam "Barreau de Paris Echecs"]
[BlackTeam "C'Chartres Echecs"]
[WhiteFideId "13601717"]
[BlackFideId "14101602"]
[EventDate "2025.05.08"]

1. d4 Nf6 2. Nf3 e6 3. e3 b6 4. Bd3 Bb7 5. Nbd2 d5 6. O-O Be7 7. b3 O-O 8. Bb2
Nbd7 9. Ne5 Nxe5 10. dxe5 Nd7 11. Qh5 g6 12. Qg4 Nc5 13. Be2 a5 14. a4 f5 15.
Qh3 Ba6 16. Bxa6 Nxa6 17. Rfd1 Qe8 18. f3 Nb4 19. Rac1 Rf7 20. Kh1 Qc6 21. e4
dxe4 22. fxe4 Na2 23. Ra1 Qxc2 24. Nc4 Nb4 25. exf5 Qxf5 26. Qxf5 gxf5 27. Rd7
Bg5 28. Rdd1 Rd8 29. Rxd8+ Bxd8 30. Rd1 Bg5 31. g3 Nd5 32. Rd3 Rd7 33. h4 Bh6
34. Kh2 Kf7 35. g4 fxg4 36. Kg3 Ke8 37. Rd4 Nb4 38. Kxg4 Rxd4+ 39. Bxd4 Nd5 40.
Kh5 Bc1 41. Bb2 Bf4 42. Kg4 Kf7 43. Kh5 Nb4 44. Bc3 Nd3 45. Kg4 Bc1 46. Bd4 Bh6
47. Kh5 Bg7 48. Nxb6 cxb6 49. Bxb6 Nf4+ 50. Kg5 Bxe5 51. Bxa5 Nd5 52. Bd2 Bc3
53. Bc1 Kg7 54. h5 Kf7 55. Kh6 Kg8 56. Kg5 Kg7 57. h6+ Kf7 58. Ba3 Bd2+ 59. Kg4
Kg6 60. Bf8 Bxh6 61. Bc5 Bd2 62. Kf3 Kf5 63. Ke2 Bb4 64. Bg1 Ke5 0-1

[Event "TCh-FRA Top 12 w GpB"]
[Site "Paris FRA"]
[Date "2025.05.10"]
[Round "4.3"]
[White "Schippke, Manon"]
[Black "Alexieva, Silvia"]
[Result "1/2-1/2"]
[WhiteTitle "WIM"]
[BlackTitle "IM"]
[WhiteElo "2161"]
[BlackElo "2203"]
[WhiteTeam "C'Chartres Echecs"]
[BlackTeam "Barreau de Paris Echecs"]
[WhiteFideId "45100446"]
[BlackFideId "2902265"]
[EventDate "2025.05.08"]

1. c4 e5 2. a3 Nf6 3. Nc3 d5 4. cxd5 Nxd5 5. Nf3 Nc6 6. e4 Nxc3 7. bxc3 Bd6 8.
Be2 O-O 9. O-O f5 10. d4 exd4 11. Bc4+ Kh8 12. Ng5 Qe8 13. Re1 Qg6 14. cxd4 fxe4
15. Nxe4 Bg4 16. Qd3 Rae8 17. Bb2 Bf5 18. f3 Re7 19. Re2 Rfe8 1/2-1/2

[Event "TCh-FRA Top 12 w GpB"]
[Site "Paris FRA"]
[Date "2025.05.10"]
[Round "4.4"]
[White "Hamdouchi, Adina-Maria"]
[Black "Tomasi, Elise"]
[Result "1/2-1/2"]
[WhiteTitle "WGM"]
[WhiteElo "2164"]
[BlackElo "2087"]
[WhiteTeam "Barreau de Paris Echecs"]
[BlackTeam "C'Chartres Echecs"]
[WhiteFideId "1206435"]
[BlackFideId "26088843"]
[EventDate "2025.05.08"]

1. Nf3 d5 2. g3 Nf6 3. Bg2 c5 4. O-O h6 5. d3 Nc6 6. Nbd2 e5 7. e4 d4 8. Nc4 Bd6
9. Nxd6+ Qxd6 10. h3 g5 11. Nd2 Rg8 12. Nc4 Qe7 13. a4 h5 14. c3 h4 15. g4 Be6
16. a5 Bxc4 17. dxc4 a6 18. Qf3 1/2-1/2

[Event "TCh-FRA Top 12 w GpB"]
[Site "Paris FRA"]
[Date "2025.05.10"]
[Round "4.5"]
[White "Navrotescu, Andreea"]
[Black "Garcia Martin, Marta"]
[Result "0-1"]
[WhiteTitle "WGM"]
[BlackTitle "IM"]
[WhiteElo "2323"]
[BlackElo "2324"]
[WhiteTeam "Mulhouse Philidor"]
[BlackTeam "Marseille-Echecs"]
[WhiteFideId "675946"]
[BlackFideId "32084030"]
[EventDate "2025.05.08"]

1. d4 d5 2. c4 e6 3. Nc3 a6 4. cxd5 exd5 5. Bf4 Nf6 6. e3 c5 7. Nge2 Nc6 8. g3
cxd4 9. Nxd4 Bg4 10. Be2 Bxe2 11. Ncxe2 Bb4+ 12. Kf1 Qd7 13. Kg2 O-O 14. Qd3 h6
15. f3 Rfe8 16. g4 Ne5 17. Qb3 Bf8 18. Rad1 Rac8 19. Rhe1 Nc4 20. Nf5 Re6 21.
Qc3 Nxe3+ 22. Bxe3 Rxc3 23. Nxc3 b5 24. a3 Qe8 25. Bf2 g6 26. Ne3 Bg7 27. Ncxd5
Nxd5 28. Nxd5 Rxe1 29. Rxe1 Qd8 30. Rd1 Bxb2 31. Bc5 Kg7 32. Rd2 Be5 33. Be7 Qd7
34. Bb4 Qe6 35. Kf1 Qc6 36. Kg2 Kh7 37. h3 Qc1 38. Re2 Bd4 39. Be1 Qd1 40. Kf1
Qb3 41. Nc7 Qxf3+ 0-1

[Event "TCh-FRA Top 12 w GpB"]
[Site "Paris FRA"]
[Date "2025.05.10"]
[Round "4.6"]
[White "Cornileau, Juliette"]
[Black "Vega Gutierrez, Sabrina"]
[Result "0-1"]
[WhiteTitle "WFM"]
[BlackTitle "IM"]
[WhiteElo "2076"]
[BlackElo "2382"]
[WhiteTeam "Marseille-Echecs"]
[BlackTeam "Mulhouse Philidor"]
[WhiteFideId "36083372"]
[BlackFideId "2219026"]
[EventDate "2025.05.08"]

1. e4 c5 2. Nf3 Nc6 3. d4 cxd4 4. Nxd4 Nf6 5. Nc3 e5 6. Ndb5 d6 7. Bg5 a6 8. Na3
b5 9. Nd5 Be7 10. Bxf6 Bxf6 11. c3 Ne7 12. Nxe7 Bxe7 13. Nc2 Bb7 14. Bd3 d5 15.
Qg4 O-O 16. Rd1 g6 17. O-O Qb6 18. Ne3 h5 19. Qd7 dxe4 20. Qxe7 Rfe8 21. Qg5
exd3 22. Rxd3 Qe6 23. Rfd1 Qxa2 24. Rd7 Bc6 25. R7d6 Re6 26. h4 Rae8 27. Nf5 Qc4
28. Rd8 Qc5 29. Rxe8+ Bxe8 30. Rd8 Qf8 31. b4 Kh7 32. Ne3 f6 33. Qg3 Qe7 34. Rd1
Bc6 35. f3 Rd6 36. Qe1 Qd8 37. Rxd6 Qxd6 38. Qd1 Qxd1+ 39. Nxd1 Kg7 40. Kf2 Kf7
41. Nb2 Ke6 42. Ke3 Kd5 43. Kd2 Bd7 44. Nd3 Bf5 45. Nf2 e4 46. Nd1 exf3 47. gxf3
g5 48. hxg5 fxg5 49. Ke3 Kc4 50. Kd2 Bg6 51. Ne3+ Kb3 52. Nf1 h4 53. Nh2 Bf5 54.
Nf1 Bh3 55. Nh2 Kc4 56. Kc2 Kd5 57. Kd3 Ke5 58. Ke3 Kf5 59. f4 g4 60. Kd4 Kxf4 0-1

[Event "TCh-FRA Top 12 w GpB"]
[Site "Paris FRA"]
[Date "2025.05.10"]
[Round "4.7"]
[White "Haussernot, Cecile"]
[Black "Delorme, Laurie"]
[Result "1-0"]
[WhiteTitle "WIM"]
[BlackTitle "WIM"]
[WhiteElo "2108"]
[BlackElo "2070"]
[WhiteTeam "Mulhouse Philidor"]
[BlackTeam "Marseille-Echecs"]
[WhiteFideId "601632"]
[BlackFideId "630829"]
[EventDate "2025.05.08"]

1. e4 e5 2. Nf3 Nc6 3. Bb5 a6 4. Ba4 Nf6 5. d3 b5 6. Bb3 Be7 7. a4 Rb8 8. O-O d6
9. h3 O-O 10. Re1 Be6 11. axb5 axb5 12. c3 Bxb3 13. Qxb3 Qd7 14. d4 exd4 15.
cxd4 d5 16. e5 Ne4 17. Nbd2 Nxd2 18. Bxd2 Nd8 19. Ra7 Ne6 20. Bb4 Bxb4 21. Qxb4
Nf4 22. Qc3 Qf5 23. Rxc7 Rb6 24. Rc6 b4 25. Qc2 Qxc2 26. Rxc2 f6 27. Ra1 Rb7 28.
b3 Re7 29. Ra4 Rb8 30. Ra6 Kf7 31. Rcc6 f5 32. e6+ Kf6 33. Ne5 Rbe8 34. Nd7+ Kg5
35. h4+ Kh5 36. Nc5 Ne2+ 37. Kh2 Nxd4 38. Rd6 g6 39. Nd7 Rxe6 40. Nf6+ Kxh4 41.
Nxe8 Rxe8 42. Rab6 Nc2 43. Rxd5 Re2 44. Rd3 Rxf2 45. Re6 Rf1 46. Re2 Rc1 47.
Rdd2 Na1 48. Rd4+ Kg5 49. Rxb4 Rb1 50. Re3 Nc2 51. Rg3+ Kf6 52. Rc4 Rb2 53. Rc7
f4 54. Rf3 Ne1 55. Rxf4+ Kg5 56. Rf1 Rxg2+ 57. Kh1 Re2 58. Rxh7 Nd3 59. Rh2 Re6
60. Rg2+ Kh6 61. Rd2 Nc5 62. Rh2+ Kg7 63. Rh3 Rb6 64. Rc3 Ne4 65. Re3 Nd2 66.
Rf2 Nb1 67. Kg2 Na3 68. Kg3 Nb5 69. Re7+ Kg8 70. Ra2 Kf8 71. Rh7 Kg8 72. Rd7 Rb8
73. Ra6 Nc3 74. Rxg6+ Kf8 75. Rh6 Kg8 76. Rc6 Ne4+ 77. Kf4 Nf2 78. Kf5 Rf8+ 79.
Rf6 1-0

[Event "TCh-FRA Top 12 w GpB"]
[Site "Paris FRA"]
[Date "2025.05.10"]
[Round "4.8"]
[White "Bernard, Ines"]
[Black "Ciarletta, Iris"]
[Result "1-0"]
[WhiteTitle "WFM"]
[WhiteElo "2077"]
[BlackElo "2009"]
[WhiteTeam "Marseille-Echecs"]
[BlackTeam "Mulhouse Philidor"]
[WhiteFideId "651043211"]
[BlackFideId "45133263"]
[EventDate "2025.05.08"]

1. d4 Nf6 2. c4 e6 3. Nf3 c5 4. d5 b5 5. Bf4 b4 6. e4 Nxe4 7. Bd3 Nf6 8. O-O Qb6
9. Re1 Be7 10. Bf1 Bb7 11. d6 Bd8 12. a3 a5 13. Ne5 Nc6 14. Bd3 Nd4 15. Bg3 O-O
16. Nd2 Qxd6 17. Ne4 Nxe4 18. Bxe4 Bxe4 19. Rxe4 Qe7 20. axb4 f6 21. Nd3 f5 22.
Re1 cxb4 23. c5 Nb5 24. Qa4 Bc7 25. Qxb5 f4 26. Qb7 fxg3 27. Qxc7 gxf2+ 28. Nxf2
Rac8 29. Qd6 Qf6 30. Nd3 Qf5 31. Ne5 Qf2+ 32. Kh1 Qxb2 33. Nxd7 Rf2 34. Qxe6+
Kh8 35. c6 h6 36. Qd5 Rd2 37. Qe4 Qc2 38. Qxc2 Rxc2 39. Rxa5 R2xc6 40. h3 R6c7
41. Nb6 Rb8 42. Nd5 Rc2 43. Ne3 Rc3 44. Raa1 b3 45. Kg1 Rf8 46. Rab1 Rb8 47. Kf2
Kh7 48. Rb2 Ra8 49. Ke2 Rd8 50. Nd1 Rcd3 51. Nf2 Rc3 52. Reb1 Re8+ 53. Kf1 Rb8
54. Ne4 Re3 55. Nc5 Rf8+ 56. Kg1 Rf5 57. Nxb3 Rg5 58. Kh2 Rd5 59. Nd2 Re7 60.
Nf3 Rdd7 61. Kg3 Ra7 62. Kh2 Rad7 63. Rd2 Ra7 64. Rc2 Ra8 65. Nd4 Rd7 66. Nf5
Ra5 67. g4 Ra3 68. Rg1 Ra5 69. Re2 Rf7 70. Rge1 h5 71. Re7 Kg8 72. Kg3 hxg4 73.
hxg4 Ra7 74. Rxa7 Rxa7 75. Re7 Ra3+ 76. Kh4 Kh8 77. Nxg7 1-0

[Event "TCh-FRA Top 12 w GpB"]
[Site "Paris FRA"]
[Date "2025.05.10"]
[Round "4.9"]
[White "Bellahcene, Sofia"]
[Black "Gaponenko, Inna"]
[Result "0-1"]
[BlackTitle "IM"]
[WhiteElo "2094"]
[BlackElo "2318"]
[WhiteTeam "Bischwiller"]
[BlackTeam "Asnieres - Le Grand Echiquier"]
[WhiteFideId "26075954"]
[BlackFideId "14101181"]
[EventDate "2025.05.08"]

1. e4 d6 2. d4 Nf6 3. Nc3 e5 4. h3 Be7 5. Nf3 Nbd7 6. Bc4 O-O 7. O-O exd4 8.
Nxd4 Nb6 9. Bd3 c5 10. Nf3 Be6 11. Ng5 Bd7 12. f4 c4 13. Be2 Bc6 14. Qd4 h6 15.
Nf3 d5 16. exd5 Bxd5 17. Nxd5 Qxd5 18. Qxd5 Nfxd5 19. Ne5 Rac8 20. c3 Rfe8 21.
Bf3 Bd6 22. Rd1 Bxe5 23. fxe5 Rxe5 24. a4 a5 25. Bd2 Rce8 26. Re1 g5 27. Kf2 f5
28. Rxe5 Rxe5 29. Re1 Rxe1 30. Kxe1 Kf7 31. Kf2 Nf4 32. Bxf4 gxf4 33. Bd1 Kf6
34. Kf3 Ke5 35. h4 Nd7 36. Be2 Nc5 37. Bxc4 Nxa4 38. b4 b6 39. bxa5 bxa5 40. Ke2
Nxc3+ 41. Kd3 Nd5 42. Bb5 f3 43. gxf3 Kf4 44. Kd4 Ne3 45. Bc6 Ng2 46. Kc5 Nxh4
47. Kb5 Nxf3 48. Kxa5 h5 49. Bb5 h4 50. Bf1 Kg3 0-1

[Event "TCh-FRA Top 12 w GpB"]
[Site "Paris FRA"]
[Date "2025.05.10"]
[Round "4.10"]
[White "Guichard, Pauline"]
[Black "Bellahcene, Jenna"]
[Result "1-0"]
[WhiteTitle "IM"]
[WhiteElo "2324"]
[BlackElo "1845"]
[WhiteTeam "Asnieres - Le Grand Echiquier"]
[BlackTeam "Bischwiller"]
[WhiteFideId "639370"]
[BlackFideId "36067377"]
[EventDate "2025.05.08"]

1. d4 d5 2. c4 e6 3. Nc3 Nf6 4. Nf3 Be7 5. Bg5 Nbd7 6. e3 c6 7. Bd3 dxc4 8. Bxc4
b5 9. Bd3 Bb7 10. e4 O-O 11. Qe2 a6 12. e5 Ne8 13. Qe4 g6 14. Qh4 f6 15. exf6
Bxf6 16. O-O Nd6 17. Rae1 Nf5 18. Bxf5 exf5 19. Re6 c5 20. Bxf6 Rxf6 21. Rxf6
Qxf6 22. Qxf6 Nxf6 23. dxc5 b4 24. Na4 Ne4 25. Rc1 Rd8 26. h4 Bc6 27. Nb6 Rb8
28. Ne5 Bb5 29. Nd5 Re8 30. f4 Rd8 31. Nxb4 Kf8 32. c6 Nf6 33. b3 a5 34. Rc5
axb4 35. Rxb5 Nd5 36. Nd7+ Ke7 1-0

[Event "TCh-FRA Top 12 w GpB"]
[Site "Paris FRA"]
[Date "2025.05.10"]
[Round "4.11"]
[White "Bellahcene, Meriem"]
[Black "Iglesias, Yosha"]
[Result "0-1"]
[BlackTitle "FM"]
[WhiteElo "1910"]
[BlackElo "2288"]
[WhiteTeam "Bischwiller"]
[BlackTeam "Asnieres - Le Grand Echiquier"]
[WhiteFideId "20655347"]
[BlackFideId "637823"]
[EventDate "2025.05.08"]

1. e4 c6 2. d4 d5 3. e5 c5 4. dxc5 e6 5. Nf3 Bxc5 6. Bd3 Nc6 7. O-O f6 8. Qe2
fxe5 9. Nxe5 Nxe5 10. Qxe5 Nf6 11. Be3 Bd6 12. Bb5+ Kf7 13. Qd4 e5 14. Qd2 Be6
15. a4 Rf8 16. Na3 Kg8 17. Bg5 Ne4 18. Bxd8 Nxd2 19. Rfd1 Ne4 20. Bh4 Bc5 21. b4
Bd4 22. Rxd4 exd4 23. Rd1 a6 24. Bf1 g5 25. Bg3 Nxg3 26. hxg3 Rac8 27. Rxd4 Rc3
28. Rd3 Rxd3 29. Bxd3 Bf5 30. Bxf5 Rxf5 31. c3 Rf8 32. Nc2 Rc8 33. Ne3 Rxc3 34.
Nxd5 Rc1+ 35. Kh2 Rc4 36. b5 Rxa4 37. bxa6 bxa6 38. f4 gxf4 39. gxf4 Rd4 40. Nc7
a5 41. Kg3 a4 0-1

[Event "TCh-FRA Top 12 w GpB"]
[Site "Paris FRA"]
[Date "2025.05.10"]
[Round "4.12"]
[White "Coriat, Caroline"]
[Black "Ge, Charlene"]
[Result "1-0"]
[WhiteElo "1869"]
[BlackElo "1864"]
[WhiteTeam "Asnieres - Le Grand Echiquier"]
[BlackTeam "Bischwiller"]
[WhiteFideId "26089971"]
[BlackFideId "45199710"]
[EventDate "2025.05.08"]

1. d4 d5 2. Nf3 Nf6 3. c3 e6 4. Bg5 Be7 5. Nbd2 Nbd7 6. e3 c5 7. Bd3 O-O 8. O-O
b6 9. Ne5 Nxe5 10. dxe5 Nd7 11. Bxe7 Qxe7 12. f4 f6 13. Qh5 g6 14. exf6 Rxf6 15.
Qg5 e5 16. Rae1 Bb7 17. e4 c4 18. Bc2 Qc5+ 19. Kh1 Raf8 20. f5 Kg7 21. Rf3 h6
22. Qg4 d4 23. fxg6 Bc8 24. Ref1 Rxg6 25. Qh4 Nf6 26. Rg3 Ng4 27. Rxf8 Qxf8 28.
Rf3 Rf6 29. Rxf6 Nxf6 30. Nxc4 Nxe4 31. Qe1 Qf2 32. Qxf2 Nxf2+ 33. Kg1 d3 34.
Bb3 Ne4 35. Nxe5 d2 36. Kf1 Ba6+ 37. c4 b5 38. Ke2 h5 39. Kd1 Kf6 40. Nf3 bxc4
41. Bc2 Nf2+ 42. Kxd2 Ng4 43. Be4 Nh6 44. Bd5 Nf5 45. Be4 Nd6 46. Bc2 Nf5 47.
Bd1 Nd6 48. Nd4 Ne4+ 49. Ke3 Nd6 50. Bxh5 Kg5 51. Bf3 Nf7 52. Nc6 Bc8 53. Nxa7
Ne5 54. Nxc8 1-0

[Event "TCh-FRA Top 12 w GpB"]
[Site "Paris FRA"]
[Date "2025.05.11"]
[Round "5.1"]
[White "Ushenina, Anna"]
[Black "Bellahcene, Sofia"]
[Result "1-0"]
[WhiteTitle "GM"]
[WhiteElo "2426"]
[BlackElo "2094"]
[WhiteTeam "Barreau de Paris Echecs"]
[BlackTeam "Bischwiller"]
[WhiteFideId "14110911"]
[BlackFideId "26075954"]
[EventDate "2025.05.08"]

1. d4 Nf6 2. c4 e6 3. Nf3 Bb4+ 4. Nbd2 d5 5. Qa4+ Nc6 6. e3 Bd7 7. Qc2 Qe7 8. a3
Bxd2+ 9. Bxd2 e5 10. cxd5 Nxd5 11. Bc4 Nb6 12. d5 Nb8 13. Bb4 Qf6 14. Bb3 Na6
15. Bc3 Qg6 16. Qxg6 hxg6 17. Bxe5 f6 18. Bd4 O-O-O 19. Rc1 Kb8 20. O-O Bf5 21.
Rfd1 Be4 22. Bxb6 axb6 23. Ne1 Nc5 24. Ba2 g5 25. b4 Nd7 26. f3 Bg6 27. h3 Ne5
28. Rc3 Rhe8 29. Kf2 Re7 30. Bb3 Bf7 31. Nc2 c6 32. f4 gxf4 33. exf4 Ng6 34. d6
Red7 35. Bxf7 Rxf7 36. g3 Rfd7 37. Rcd3 Nh8 38. Nd4 g6 39. h4 Nf7 40. h5 Rxd6
41. hxg6 Nh6 42. Nxc6+ 1-0

[Event "TCh-FRA Top 12 w GpB"]
[Site "Paris FRA"]
[Date "2025.05.11"]
[Round "5.2"]
[White "Bellahcene, Jenna"]
[Black "Alexieva, Silvia"]
[Result "0-1"]
[BlackTitle "IM"]
[WhiteElo "1845"]
[BlackElo "2203"]
[WhiteTeam "Bischwiller"]
[BlackTeam "Barreau de Paris Echecs"]
[WhiteFideId "36067377"]
[BlackFideId "2902265"]
[EventDate "2025.05.08"]

1. e4 c5 2. c3 Nf6 3. e5 Nd5 4. d4 cxd4 5. Nf3 d6 6. cxd4 e6 7. Bc4 Nc6 8. O-O
Nb6 9. Bb5 Bd7 10. Nc3 a6 11. Be2 d5 12. Bg5 Be7 13. Bxe7 Nxe7 14. Qd3 Na4 15.
Nxa4 Bxa4 16. Qa3 Qd7 17. Rac1 O-O 18. Bd3 h6 19. Bb1 Bb5 20. Rfe1 Rfc8 21. Qe3
Rxc1 22. Rxc1 Rc8 23. h3 Rxc1+ 24. Qxc1 Qc6 25. Qc2 Qxc2 26. Bxc2 Nc6 27. Bd1
Bd3 28. Kh2 Be4 29. Nd2 Nxd4 30. Nxe4 dxe4 31. Kg3 g5 32. Kg4 Kg7 33. Kh5 Nc6
34. Bc2 Nxe5 35. Bxe4 f5 0-1

[Event "TCh-FRA Top 12 w GpB"]
[Site "Paris FRA"]
[Date "2025.05.11"]
[Round "5.3"]
[White "Maisuradze, Nino"]
[Black "Bellahcene, Meriem"]
[Result "1-0"]
[WhiteTitle "WGM"]
[WhiteElo "2154"]
[BlackElo "1910"]
[WhiteTeam "Barreau de Paris Echecs"]
[BlackTeam "Bischwiller"]
[WhiteFideId "13601717"]
[BlackFideId "20655347"]
[EventDate "2025.05.08"]

1. b3 d5 2. Bb2 Bf5 3. e3 e6 4. f4 Nf6 5. Nf3 Nbd7 6. d3 c5 7. Nbd2 Qc7 8. Qe2
h6 9. g3 Rg8 10. e4 dxe4 11. dxe4 Bh7 12. O-O-O O-O-O 13. Bg2 g5 14. Ne5 Bg7 15.
Nxf7 Rdf8 16. Nc4 Rxf7 17. Nd6+ Kb8 18. Nxf7 Ne8 19. e5 Bf5 20. Qb5 Kc8 21. Bc3
a6 22. Bxb7+ Qxb7 23. Qxb7+ 1-0

[Event "TCh-FRA Top 12 w GpB"]
[Site "Paris FRA"]
[Date "2025.05.11"]
[Round "5.4"]
[White "Ge, Charlene"]
[Black "Hamdouchi, Adina-Maria"]
[Result "1/2-1/2"]
[BlackTitle "WGM"]
[WhiteElo "1864"]
[BlackElo "2164"]
[WhiteTeam "Bischwiller"]
[BlackTeam "Barreau de Paris Echecs"]
[WhiteFideId "45199710"]
[BlackFideId "1206435"]
[EventDate "2025.05.08"]

1. e4 d6 2. d4 Nf6 3. Bd3 e5 4. dxe5 dxe5 5. Nc3 Be7 6. Nge2 O-O 7. h3 Nbd7 8.
Be3 Nc5 9. Qd2 Nxd3+ 10. cxd3 c5 11. O-O b6 12. f4 exf4 13. Nxf4 Bb7 14. b3 Bd6
15. Rf2 Be5 16. Rff1 Qd7 17. Rad1 Rad8 18. Nfe2 Ba6 19. Nc1 Bd4 20. N3e2 Be5 21.
Bf4 Qc7 22. Bxe5 Qxe5 23. Rf5 Qe7 24. Qg5 h6 25. Qh4 Bc8 26. Rf3 Qe5 27. Rdf1
Qg5 28. Qf2 Kh7 29. Ng3 Qe5 30. Nce2 Qb2 31. Re3 Ba6 32. Nf5 Bxd3 33. Nxh6 Nxe4
34. Qh4 gxh6 35. Rxd3 Ng5 36. Rxd8 Rxd8 37. Nf4 1/2-1/2

[Event "TCh-FRA Top 12 w GpB"]
[Site "Paris FRA"]
[Date "2025.05.11"]
[Round "5.5"]
[White "Garcia Martin, Marta"]
[Black "Daulyte-Cornette, Deimante"]
[Result "1/2-1/2"]
[WhiteTitle "IM"]
[BlackTitle "IM"]
[WhiteElo "2324"]
[BlackElo "2396"]
[WhiteTeam "Marseille-Echecs"]
[BlackTeam "C'Chartres Echecs"]
[WhiteFideId "32084030"]
[BlackFideId "12802859"]
[EventDate "2025.05.08"]

1. d4 Nf6 2. c4 e6 3. Nf3 b6 4. g3 Bb4+ 5. Bd2 Bxd2+ 6. Qxd2 Ba6 7. Qc2 d5 8.
cxd5 exd5 9. Bg2 O-O 10. O-O Qe7 11. Re1 c5 12. Nc3 Nc6 13. Rad1 Rfd8 14. Qb1
Ne4 15. e3 Rac8 16. Nh4 Nxc3 17. bxc3 cxd4 18. cxd4 Qb4 19. Bh3 Rc7 20. Bf5 g6
21. Bd3 Qxb1 22. Bxb1 f5 23. Ng2 Kf7 24. Nf4 Bc4 25. h4 a5 26. h5 g5 27. Nd3 Kf6
28. Nb2 b5 29. Rc1 a4 30. Nd3 a3 31. f3 Rdc8 32. Rcd1 Ra8 33. Rd2 Re7 34. Nc5
Rd8 35. h6 b4 36. g4 f4 37. e4 dxe4 38. Nxe4+ Rxe4 39. Bxe4 Nxd4 40. Kf2 b3 41.
axb3 Bxb3 42. Bxh7 a2 43. Be4 Bf7 44. Rh1 Rb8 45. h7 Kg7 46. Ra1 Nb3 47. Rb2 Rb6
48. Raxa2 Rh6 49. Ra7 Nc5 50. Rb8 Nxe4+ 51. fxe4 Rxh7 52. e5 Kh6 53. Rb6+ Bg6
54. Raa6 Rg7 55. Ke2 Kh7 56. Kd2 Be4 57. Rf6 Re7 58. Rfe6 Rxe6 59. Rxe6 Bf3 60.
Kd3 Bxg4 61. Rb6 Bf3 62. Rf6 Kg7 63. Kd4 Bd1 64. Rd6 Bf3 65. Rd7+ Kg6 66. Ra7 g4
67. e6 g3 68. e7 Kf7 69. e8=Q+ Kxe8 70. Ke5 g2 71. Rg7 Kf8 72. Rxg2 Bxg2 73.
Kxf4 1/2-1/2

[Event "TCh-FRA Top 12 w GpB"]
[Site "Paris FRA"]
[Date "2025.05.11"]
[Round "5.6"]
[White "Osmak, Yuliia"]
[Black "Cornileau, Juliette"]
[Result "1-0"]
[WhiteTitle "IM"]
[BlackTitle "WFM"]
[WhiteElo "2471"]
[BlackElo "2076"]
[WhiteTeam "C'Chartres Echecs"]
[BlackTeam "Marseille-Echecs"]
[WhiteFideId "14101602"]
[BlackFideId "36083372"]
[EventDate "2025.05.08"]

1. d4 Nf6 2. c4 e6 3. Nc3 Bb4 4. a3 Bxc3+ 5. bxc3 d5 6. cxd5 exd5 7. e3 O-O 8.
Bd3 b6 9. Ne2 c5 10. O-O Ba6 11. f3 Bxd3 12. Qxd3 Re8 13. Ng3 Nc6 14. Bb2 c4 15.
Qe2 h5 16. Rae1 b5 17. Qc2 Qb6 18. Kh1 g6 19. Qf2 Re7 20. e4 h4 21. Ne2 dxe4 22.
Qxh4 Kg7 23. Ng3 exf3 24. Nf5+ gxf5 25. Qg5+ Kh7 26. Qxf5+ Kg7 27. Qxf3 Nd5 28.
Qxd5 Rae8 29. Qg5+ Kh7 30. Re4 1-0

[Event "TCh-FRA Top 12 w GpB"]
[Site "Paris FRA"]
[Date "2025.05.11"]
[Round "5.7"]
[White "Delorme, Laurie"]
[Black "Tomasi, Elise"]
[Result "0-1"]
[WhiteTitle "WIM"]
[WhiteElo "2070"]
[BlackElo "2087"]
[WhiteTeam "Marseille-Echecs"]
[BlackTeam "C'Chartres Echecs"]
[WhiteFideId "630829"]
[BlackFideId "26088843"]
[EventDate "2025.05.08"]

1. d4 d5 2. c4 dxc4 3. Nf3 Nf6 4. e3 b5 5. a4 b4 6. Bxc4 e6 7. O-O Be7 8. Nbd2
O-O 9. e4 Bb7 10. Re1 c5 11. e5 Nd5 12. Ne4 cxd4 13. Bd3 Nd7 14. Bb1 Re8 15.
Qxd4 Nf8 16. Bg5 f6 17. exf6 gxf6 18. Bh6 Qb6 19. Ng3 Qxd4 20. Nxd4 e5 21. Ndf5
Ne6 22. Ba2 Rad8 23. Ne4 Kf7 24. Rad1 Kg6 25. Neg3 Nc5 26. Bb1 Kf7 27. a5 Rd7
28. Ne3 Red8 29. Bf5 Ne6 30. Nc4 Ndc7 31. Rxd7 Rxd7 32. Ne4 Rd4 33. Ned2 Ba6 34.
b3 Bxc4 35. Nxc4 Nd5 36. g3 Nc5 37. Bc2 e4 38. Bc1 Nd3 39. Rd1 Nc3 40. Be3 Rd7
41. Rd2 a6 42. Bxd3 exd3 43. Nb2 Ne2+ 44. Kf1 Nc1 45. Bb6 Bd8 46. Bc5 Nxb3 47.
Bxb4 Nxd2+ 48. Bxd2 Rd5 49. Nc4 Rc5 50. Nd6+ Ke6 51. Nb7 Rc8 52. Nxd8+ Rxd8 53.
Ke1 f5 54. Be3 Kd5 55. Kd2 Kc4 56. h3 Rd5 57. Bb6 Re5 58. Be3 Rxa5 59. g4 Ra2+
60. Kc1 Kc3 61. Kb1 Rb2+ 62. Ka1 d2 63. Bxd2+ Rxd2 0-1